Drapeaux en formes d'Anciens Pays - Statistiques

Statistiques générales
  • Ce quiz a été pris 25 671 fois
  • Le résultat moyen est 9 sur 16
Statistiques - réponses
Par images Réponse % Correct
Union Soviétique
98%
Écosse
82%
Yougoslavie
81%
Empire Ottoman
78%
Tchécoslovaquie
74%
Autriche-Hongrie
73%
Texas
65%
Allemagne de l'Est
62%
Prusse
53%
Grande Colombie
45%
Zaïre
36%
Saint-Empire Romain
33%
Tibet
33%
Terre-Neuve-et-Labrador
21%
Viêt Nam du Sud
18%
Vermont
8%
Aucun quiz correspondant
Distribution des résultats
% des personnes avec chaque résultat
Percentile par nombre de réponses
Votre historique - résultats
Vous n’avez pas pris ce quiz